00909nam a22002417a 450000500170000000800410001702000240005802000240008202000270010604000560013304100080018910000190019724500780021625000110029426000410030530000460034650001210039265000410051365000280055465000440058270000220062670000190064820211112084004.0130821s2009 enkab gr eng  a0745621635 (2a.Ed.) a0745621643 (2a.Ed.) a9780745641522 (3a.Ed.) aCo-BoUCMbspacSandra Palacio (modificó)d[Nuevo]00aeng1 aHirst, Paul Q.10aGlobalization in questioncPaul Hirst, Grahame Thompson and Simon Bromley a3a.Ed. aCambridge (Inglaterra)bPolityc2009 axvii, 289 páginasbilustraciones, mapas aTítulo de la edición 2: Globalization in question the international economy and the possibilities of governance17aEmpresas comerciales internacionales27aInversiones extranjeras37aRelaciones económicas internacionales1 aThompson, Grahame1 aBromley, Simon